| 000 | 00788nam a2200229 a 4500 | ||
|---|---|---|---|
| 001 | 44207 | ||
| 003 | BD-RjUL | ||
| 005 | 20211209053821.0 | ||
| 008 | 160714s1957 ii ||||| |||| 00| 0 ben d | ||
| 020 | _c: Tk. 4.00 | ||
| 035 | _a(BD-RjUL)44325 | ||
| 040 |
_aBD-RjUL _bben _cBD-RjUL |
||
| 041 | _aben | ||
| 082 |
_223 _a891.44 _bSIS 1957 |
||
| 100 |
_aসিংহ, বিমলচন্দ্র _9135738 |
||
| 245 | 1 | 0 |
_aসংস্কৃতি ও সাহিত্য / _cবিমলচন্দ্র সিংহ |
| 260 |
_aকলিকাতা : _bমিত্রালয়, _c১৯৫৭ |
||
| 300 |
_a১৮৪ পৃ. ; _c২২ সেমি. |
||
| 650 |
_aবাংলা সাহিত্য _9135739 |
||
| 650 |
_aBengali literature _9135740 |
||
| 942 |
_2ddc _cBK |
||
| 999 |
_c44207 _d44207 |
||